Slovenský priemysel v r. 1937 referát prednesený na valnom shromaždení ÚSSP dňa 3. mája 1938

Guardado en:
Detalles Bibliográficos
Autor principal: Zaťko, Peter
Formato: Libro
Lenguaje:eslovaco
Publicado: Bratislava Ústredné sdruženie slovenského priemyslu 1938
Etiquetas: Agregar Etiqueta
Sin Etiquetas, Sea el primero en etiquetar este registro!

MARC

LEADER 00000nam a2200000 4500
001 c141955
005 20080515152035.3
041 0 |a slo 
044 |a SK 
245 1 0 |a Slovenský priemysel v r. 1937  |b referát prednesený na valnom shromaždení ÚSSP dňa 3. mája 1938  |c P. Zaťko 
264 1 |a Bratislava  |b Ústredné sdruženie slovenského priemyslu  |c 1938 
300 |a 31 s. 
100 1 |a Zaťko, Peter